000 00591nam a2200241 a 4500
001 nice12345678
003 IN_TiNIC
005 20260116011853.0
008 050524s1937 mica grp 000 0 eng
020 _a
_c10
082 0 0 _a220.13
_bBOE
100 _aBoettner, Loraine
245 _aInspiration of the Scripture
260 _aMichigan
_bWm.B. Eerdmans Pub Co,
_c1937
300 _a88p
500 _aincludes index and biblioraphy
505 2 _aUrdu-Arabic
650 _aBible-Inspiration
700 1 _aBoettner, Loraine
902 _bSRS
942 _cBK
999 _c4591
_d4591